000 00649naa a2200205 a 4500
001 85581
003 BD-RjUL
005 20250827114453.0
008 250827s1949 pk ||||| |||| 00| 0 urd d
035 _a(BD-RjUL) 85581
040 _aBD-RjUL
_beng
_cBD-RjUL
041 _aurd
082 _223
_a891.5509
_b1952
100 _a Dawud, Muhammad
_916678
245 _aتاریخ ادبیات ایران بعہد مغولان ;;
_cجی براؤن ، محمد داؤد ;; J. Baraun, Muhammad Dawud
260 _aPanjab University :
_c1949
300 _a870 p. ;
_c23 cm
650 _a Iranian literature
_vHistory
_zMoghol
_916679
942 _2ddc
_cBK
999 _c85581
_d85581